000 00777nam a22002897a 4500
001 BR2017000812
003 BR-BrBNA
005 20230928105053.0
007 ta
008 230509b bl.||||| |||| 00| 0 por d
040 _aBR-BrBNA
_bpor
_cBiblioteca Nacional de Agricultura
041 _a(Por)
072 _aL01; E50
_b7100
_b9340
090 _ 7100 BR2017000812
100 1 _aMello, H.D. de
245 1 _aAbelhas, mel e saúde ou o mundo fabuloso das abelhas
260 3 _a[np](Brasil):
_c[nd].
300 _a172 p.
500 _aPublished after 1960?; 24 illus.; Summary (Por); 9 illus
650 _aABELHA
650 _aAPIS MELLIFERA
650 _aAPICULTURA
650 _aMEL
650 _aSAÚDE
909 _a202309
_bLucia
_c55
_dLucia Elande
942 _cBK
999 _c83252
_d83252